000 01558ngm a22003970a 4500
001 PT13526
003 AR-LpoUNG
005 20210202000334.0
007 vd cvaizq
008 191001s1998||||ag |||||||||||||||||spa d
020 _a9504359264 (o.c.)
040 _aAR-LpoUNG
_bspa
_cAR-LpoUNG
_eaacr
041 _aspa
044 _aag
082 0 _a982 632v11
100 1 _aPigna, Felipe
_edir.
245 1 0 _aHistoria Argentina 1978 - 1983 :
_bprocesos socioeconómicos, políticos y culturales
260 _aBuenos Aires :
_bDiana,
_c1998.
300 _aVHS (69 min.) : son., col.
505 0 _aGuión: Marta Dino, Carlos Mora ; narración: Edgardo Morán Pérez ; asistencia: Sol Povarchik ; distribución: Mauro Ariel González ; colaboración: Karina Solano. - Se acompaña con una guía de trabajo, inventario Nº 12523
520 _aContenido: Gobierno militar; conflicto con Chile; Mediación papal; primer paro general; Comisión Interamericana de Derechos Humanos; Revolución Sandinista; Tv Color; Reagan; Cavallo; Alfonsín; H.J.O.S.; Estatización de la deuda privada.
650 4 _aANALISIS HISTORICO
650 4 _aDESARROLLO ECONOMICO
650 4 _aFUERZAS ARMADAS
650 4 _aHISTORIA
650 4 _aMEDIOS DE COMUNICACION
650 4 _aPROBLEMAS SOCIALES
650 4 _aSOCIEDAD
651 4 _aArgentina
653 _aVIDEOS
653 _aVIDEOS DIDACTICOS
710 2 _aEscuela Superior de Comercio Carlos Pellegrini (Buenos Aires)
710 2 _aUniversidad de Buenos Aires
905 _a13526
942 _cVIDEO
999 _c54665
_d54665